all primary attacks in the pvz shooters - Statistics

General Stats
  • This quiz has been taken 4 times
  • The average score is 19 of 308
Answer Stats
Hint Answer % Correct
GW1 pea cannon
100%
cob busters
50%
danger zone
50%
fire pea cannon
50%
ice pea cannon
50%
orange beam
50%
spike shot
50%
toxic pea cannon
50%
Z-1 assault blaster
50%
Z4 crossbow
50%
baseball cannon
25%
batter splatter
25%
berry blast
25%
break-fists
25%
camo shot
25%
camo surprise
25%
cheesy chomp
25%
chemical beaker blaster
25%
chomp
25%
concrete launcher
25%
corn cracker
25%
cozmic beam
25%
cozmic fists
25%
dino blaster
25%
electric spray
25%
electro beam
25%
electro cannon
25%
electro fists
25%
EMP frazzle launcher
25%
flame spray
25%
flaming cricket blaster
25%
full-auto pea
25%
golden gatling
25%
golf cannon
25%
goo blaster
25%
heroic beam
25%
heroic fists
25%
hot rod chomp
25%
limer slimer
25%
metal chomp
25%
party beam
25%
party fists
25%
pea silencer
25%
plasmic disruptor
25%
plunge shot
25%
rapid fire rugby launcher
25%
scurvy scattershot
25%
seed spit
25%
shatter shot
25%
six shooter
25%
spore mist
25%
spyglass shot
25%
stinky glove launcher
25%
sun pulse
25%
swamp spray
25%
toxic beam
25%
toxic blast
25%
toxic fists
25%
toxic spray
25%
weed whip
25%
Z3 crossbow
25%
zombie hurt
25%
acidic bubbles
0%
air impactor
0%
arctic belch
0%
artichoke hearts
0%
baby corn buster
0%
bamboo shot
0%
bamboo strike
0%
bark throw
0%
basilik blasters
0%
bat beam
0%
bat warp
0%
bean field
0%
bean teleport
0%
berzerk
0%
big bang burst
0%
big shot
0%
blaster bolts
0%
bomb
0%
boogie bolt
0%
bouncy seeds
0%
bow blaster
0%
burg bites
0%
burrow
0%
cannon ball
0%
cannon slam
0%
charge slam
0%
cheese blaster
0%
cheese shot
0%
chest slam
0%
club slam
0%
cluster cannons
0%
cobra laser
0%
code corrupter
0%
corn crusher
0%
cosmo shot
0%
dandelion explode
0%
dark energy
0%
dark garlic
0%
dash punch
0%
decoy copy
0%
dim makchoy
0%
dirt devastator
0%
disco chomp
0%
disco crunch
0%
disco dance missiles
0%
disco jump
0%
disco munch
0%
disco stick
0%
disco whirlwind
0%
dolphin blaster
0%
doom
0%
double fault assault
0%
drake flame
0%
ear-radicator
0%
egg blast
0%
electric needle
0%
electric strike
0%
electro charger
0%
energy ball
0%
excavator
0%
explosiony
0%
explosive apple
0%
explosive cheese rockets
0%
extend-o-cannon
0%
eye beam
0%
fireball
0%
fire blast
0%
fire needle
0%
fire storm
0%
flag whack
0%
flame blast
0%
flame blower
0%
flame bolt
0%
flame breath
0%
flame pulse
0%
flare ball
0%
flem thrower
0%
flower chop
0%
football cannon
0%
freezer burn
0%
frosty beam
0%
frosty fan
0%
frozen Z-1 assault blaster
0%
future parrot pulse
0%
future shot
0%
gargantuar imp
0%
gargantuar slam
0%
gatling needle
0%
giga bash
0%
giga gnome smash
0%
giga imp
0%
giga power pole
0%
giga smash
0%
gnome beam
0%
gnome explosion
0%
gnome hammer
0%
goop
0%
goop spin
0%
grody goop
0%
gull blaster
0%
hard rock toss
0%
headbutt slam
0%
high jump
0%
hooligan howitzer
0%
hot laser
0%
hurricane kick
0%
hypno aid
0%
hypno shot
0%
hypno tether
0%
hypno vine whip
0%
ice blast
0%
ice needle
0%
ice puck cannon
0%
ice storm
0%
imp blasters
0%
imp explosion
0%
imp grenade
0%
inhale
0%
jingle bells
0%
karate chop
0%
large pea
0%
laserbean
0%
life leech
0%
lightning beam
0%
lightning blast
0%
looty shooties
0%
loud noises
0%
magic thistles
0%
mean beam
0%
mech breaker
0%
mega cannon
0%
metal blast
0%
moon rock launcher
0%
mysterious energy
0%
mystic orbs
0%
needle shot
0%
one two
0%
orange burst
0%
orbital bombardment
0%
orbracadorbra
0%
overbean
0%
paint crossbow
0%
parrot pulse
0%
party blasters
0%
party busters
0%
party laser
0%
party robo laser
0%
party scatterchot
0%
party spyglass
0%
party thistles
0%
perfume
0%
pew pew
0%
piercing peg shot
0%
piledriver
0%
pirate summon
0%
pizza bites
0%
pole charge
0%
porcupine's revenge
0%
power pulse
0%
pulse shots
0%
pylon propellor
0%
pylon punishers
0%
radiation blaster
0%
radical raygun
0%
rainbow sunburst
0%
records
0%
red artichoke hearts
0%
robo charge smash
0%
robo laser
0%
robo smash
0%
rocket
0%
GW2 rock shot
0%
scaredy shot
0%
scattercannon
0%
scorching scepter
0%
shark laser
0%
shell shot
0%
shield charge slam
0%
shield slam
0%
shoddy laser blast
0%
shooting star
0%
shrimpy beam
0%
shrimpy lasers
0%
Other (ai spawnables/bosses) single shot
0%
small pea
0%
smashy
0%
snack attack
0%
snappy shark
0%
snotcicles
0%
solar cannon
0%
sonar shot
0%
spicy hot shot
0%
splaser
0%
BFN spore strike
0%
sprint punch
0%
squash
0%
staff of jinxing
0%
stenchy the skunk
0%
stinging petal
0%
stinky goat ram
0%
sunflower aid
0%
sun gather
0%
super dino blast
0%
super goatify
0%
super goop
0%
super stinky goat ram
0%
super tail laser
0%
time bomb
0%
toasty flame
0%
torch gatling
0%
toxic mist
0%
toxic shot
0%
toxic trash
0%
toxic volley
0%
trample
0%
treetop turret
0%
twilight chomp
0%
twirly bean
0%
unburrow
0%
unicorn chomp
0%
unkind rewind
0%
uppercut
0%
vampire bite
0%
vampire summoning
0%
vampiric chomp
0%
vampirism
0%
vine whip
0%
volcano breath
0%
volt-O-blaster
0%
wand of freezing
0%
warp bean
0%
warp dodge
0%
weed bash
0%
weed buster
0%
welding blaster
0%
wood beam
0%
wood chipper
0%
wood grief
0%
yeti claw
0%
yeti icicle
0%
Z-11 suppressors
0%
Z-8 avenger
0%
zombot laser
0%
No matching quizzes found
Score Distribution
Percent of People with Each Score
Percentile by Number Answered
Your Score History
You have not taken this quiz